000 003130000a22001450004500
003 MACL
040 _aMACL
090 _c6706
_d6705
100 _aDeussen, Dr. Paul
245 _aOutlines Of Indian Philosophy
260 _bEss Ess Publications
_c1976
350 _a25
650 _aPhilisophy
942 _cBOOK
_k100
999 _c6658
_d6658